[Event "Oberliga Ost A"]
[Site "?"]
[Date "2023.02.04"]
[Round "6.2"]
[White "Gehmlich, Marcel"]
[Black "Sukaylo, Aleksey"]
[Result "1-0"]
[WhiteElo "2183"]
[BlackElo "2100"]
[PlyCount "129"]
[EventDate "2022.09.18"]
[EventType "team-tourn"]
[EventCountry "GER"]
[WhiteTeam "Halle USV"]
[BlackTeam "Dresden SG Gruen Weiss"]
[WhiteTeamCountry "GER"]
[BlackTeamCountry "GER"]

1. c4 Nf6 2. Nc3 e6 3. e4 d5 4. e5 d4 5. exf6 dxc3 6. bxc3 Qxf6 7. d4 c5 8. Nf3 h6 9. Bd3 Bd6 10. O-O O-O 11. Qe2 Nc6 12. Qe4 Qf5 13. Qxc6 bxc6 14. Bxf5 exf5 15. Ba3 Be6 16. dxc5 Bc7 17. Nd4 Bxc4 18. Rfe1 g6 19. Nxc6 Rfe8 20. Re7 Rxe7 21. Nxe7+ Kg7 22. Nc6 Re8 23. Bb4 a6 24. Ba5 Bf4 25. g3 Bg5 26. Nd4 Rc8 27. Bb6 Be7 28. Nb3 Kf6 29. f4 g5 30. Kf2 Bd5 31. Ke3 Rg8 32. Rd1 Be4 33. Bc7 Rc8 34. Be5+ Kg6 35. Rd7 Bxc5+ 36. Nxc5 Rxc5 37. Rd6+ Kh7 38. Rxa6 Rb5 39. c4 Rb1 40. Rf6 Re1+ 41. Kd4 Re2 42. Rxf7+ Kg6 43. Rg7+ Kh5 44. fxg5 hxg5 45. a3 Ra2 46. Bd6 Kh6 47. Rg8 g4 48. h4 gxh3 49. Rh8+ Kg6 50. Rxh3 Rd2+ 51. Kc5 Bc2 52. Rh6+ Kg7 53. Bf4 Rd3 54. Ra6 Bb3 55. a4 Kf7 56. a5 Ba2 57. Rd6 Rc3 58. Rd4 Ra3 59. Kb5 Rb3+ 60. Ka4 Rc3 61. a6 Rxc4+ 62. Rxc4 Bxc4 63. Ka5 Ke6 64. Kb6 Bd5 65. Kc7 1-0

[Event "Oberliga Ost A"]
[Site "?"]
[Date "2023.02.04"]
[Round "6.3"]
[White "Schulte, Felix"]
[Black "Kaiser, Dieter"]
[Result "0-1"]
[WhiteElo "2176"]
[BlackElo "2203"]
[PlyCount "74"]
[EventDate "2022.09.18"]
[EventType "team-tourn"]
[EventCountry "GER"]
[WhiteTeam "Dresden SG Gruen Weiss"]
[BlackTeam "Halle USV"]
[WhiteTeamCountry "GER"]
[BlackTeamCountry "GER"]

1. d4 Nf6 2. c4 e6 3. Nc3 Bb4 4. f3 c5 5. d5 exd5 6. cxd5 d6 7. e4 Nh5 8. Be3 f5 9. Bb5+ Nd7 10. f4 Nhf6 11. exf5 O-O 12. Qd3 a6 13. Ba4 b5 14. Bc2 Ng4 15. Bd2 Nb6 16. Qf3 Nh6 17. O-O-O Bxf5 18. Bxf5 Nxf5 19. Nge2 Bxc3 20. Nxc3 Nc4 21. Rhe1 Qa5 22. Qd3 Qb4 23. Qb1 Nxd2 24. Rxd2 Qxf4 25. g3 Qc4 26. Qd3 Qxd3 27. Rxd3 Rae8 28. Rf1 b4 29. Nd1 Nd4 30. Rxf8+ Kxf8 31. Ne3 Re4 32. b3 Ke7 33. Kd1 g6 34. Nc4 Nb5 35. Rf3 Nc3+ 36. Kc2 Nxd5 37. Rd3 Ke6 0-1

[Event "Oberliga Ost A"]
[Site "?"]
[Date "2023.02.04"]
[Round "6.4"]
[White "Butscher, Daniel"]
[Black "Perekhozhuk, Maksym"]
[Result "1-0"]
[WhiteElo "2133"]
[BlackElo "2000"]
[PlyCount "85"]
[EventDate "2022.09.18"]
[EventType "team-tourn"]
[EventCountry "GER"]
[WhiteTeam "Halle USV"]
[BlackTeam "Dresden SG Gruen Weiss"]
[WhiteTeamCountry "GER"]
[BlackTeamCountry "GER"]

1. e4 c5 2. Nc3 Nc6 3. Nge2 g6 4. d4 cxd4 5. Nxd4 Bg7 6. Nb3 d6 7. Be2 Nf6 8. O-O O-O 9. Re1 Be6 10. Bf1 Rc8 11. Nd5 Ne5 12. c3 Nc4 13. a4 Bxd5 14. exd5 Nb6 15. g4 Qd7 16. a5 Nc4 17. g5 Ne8 18. Qe2 Rc7 19. f4 b6 20. axb6 Nxb6 21. Bg2 Qf5 22. Qf3 Qc2 23. Na5 Rc5 24. Be3 Rb5 25. Re2 Qf5 26. Bxb6 axb6 27. Nc6 Kh8 28. Nxe7 Qd7 29. Nc6 Qc8 30. Na7 Qc5+ 31. Qe3 Qxe3+ 32. Rxe3 Rxb2 33. Nc8 Rb5 34. Rxe8 Rxe8 35. Nxd6 Bxc3 36. Rd1 Bd4+ 37. Kf1 Rb2 38. Nxe8 Be3 39. d6 Rf2+ 40. Ke1 Rxg2 41. d7 Bf2+ 42. Kf1 Rg1+ 43. Ke2 1-0

[Event "Oberliga Ost A"]
[Site "?"]
[Date "2023.02.04"]
[Round "6.5"]
[White "Huth, Martin"]
[Black "Kunze, Christopher"]
[Result "0-1"]
[WhiteElo "1988"]
[BlackElo "2098"]
[PlyCount "86"]
[EventDate "2022.09.18"]
[EventType "team-tourn"]
[EventCountry "GER"]
[WhiteTeam "Dresden SG Gruen Weiss"]
[BlackTeam "Halle USV"]
[WhiteTeamCountry "GER"]
[BlackTeamCountry "GER"]

1. e4 c5 2. Nf3 Nc6 3. d4 cxd4 4. Nxd4 Nf6 5. Nc3 e5 6. Nxc6 bxc6 7. Bc4 Be7 8. O-O d6 9. Kh1 Be6 10. Bxe6 fxe6 11. Qe2 Qb6 12. b3 O-O 13. Bb2 Rae8 14. Na4 Qb4 15. c4 Nd7 16. Rad1 Rf6 17. f3 Qb7 18. Qd2 Ref8 19. Ba3 c5 20. Nc3 a6 21. Ne2 Qc7 22. Bb2 Nb8 23. Rfe1 Nc6 24. Nc1 Nd4 25. Nd3 Rg6 26. Bxd4 cxd4 27. Qb4 a5 28. Qa4 Bg5 29. Re2 Be3 30. c5 d5 31. c6 Rgf6 32. Qb5 dxe4 33. Ne1 exf3 34. Nxf3 e4 35. Ng1 Rb8 36. Qc4 Rb4 37. Qa6 e5 38. Rc2 h6 39. h3 d3 40. Rc4 Kh7 41. Rxb4 axb4 42. Rxd3 Rxc6 43. Qb5 Bxg1 0-1

[Event "Oberliga Ost A"]
[Site "?"]
[Date "2023.02.04"]
[Round "6.6"]
[White "Hutsch, Oliver"]
[Black "Hentzgen, Thomas"]
[Result "1-0"]
[WhiteElo "2131"]
[BlackElo "1998"]
[PlyCount "99"]
[EventDate "2022.09.18"]
[EventType "team-tourn"]
[EventCountry "GER"]
[WhiteTeam "Halle USV"]
[BlackTeam "Dresden SG Gruen Weiss"]
[WhiteTeamCountry "GER"]
[BlackTeamCountry "GER"]

1. d4 e6 2. c4 d5 3. Nc3 f5 4. Nf3 Nf6 5. g3 Bd6 6. Bf4 O-O 7. Bxd6 Qxd6 8. e3 Nc6 9. Bg2 Bd7 10. cxd5 exd5 11. O-O Be8 12. Rc1 Rd8 13. a3 Ne4 14. b4 Bh5 15. Qc2 Bxf3 16. Bxf3 Ne7 17. Nb5 Qb6 18. Bxe4 c6 19. Bd3 cxb5 20. Qc7 Nc8 21. Qe5 Rfe8 22. Qxf5 g6 23. Qg5 Ne7 24. Rc5 a6 25. Rfc1 Qd6 26. h4 b6 27. R5c2 Rc8 28. Qg4 Rxc2 29. Rxc2 Kf7 30. h5 Rd8 31. Qg5 Kg7 32. hxg6 hxg6 33. Qe5+ Qxe5 34. dxe5 Rc8 35. Rxc8 Nxc8 36. f4 Ne7 37. Kf2 Kf7 38. Kf3 Ke6 39. Kg4 d4 40. e4 Nc6 41. Kg5 Kf7 42. g4 Ne7 43. f5 gxf5 44. exf5 Nd5 45. f6 Ke6 46. Bf5+ Kf7 47. e6+ Kf8 48. Be4 Nc7 49. Kf5 a5 50. g5 1-0

[Event "Oberliga Ost A"]
[Site "?"]
[Date "2023.02.04"]
[Round "6.7"]
[White "Polzin, Gustav"]
[Black "Salewski, Bernd"]
[Result "1-0"]
[WhiteElo "1828"]
[BlackElo "1968"]
[PlyCount "83"]
[EventDate "2022.09.18"]
[EventType "team-tourn"]
[EventCountry "GER"]
[WhiteTeam "Dresden SG Gruen Weiss"]
[BlackTeam "Halle USV"]
[WhiteTeamCountry "GER"]
[BlackTeamCountry "GER"]

1. e4 e6 2. d4 d5 3. Nd2 Nf6 4. e5 Nfd7 5. Bd3 c5 6. c3 Nc6 7. Ne2 cxd4 8. cxd4 f6 9. exf6 Nxf6 10. O-O Bd6 11. Nf3 Qc7 12. Re1 O-O 13. Nc3 a6 14. Bg5 Bd7 15. Rc1 Rae8 16. Bxf6 gxf6 17. h3 Kh8 18. Nh4 Bc8 19. Qh5 Qg7 20. Ng6+ Kg8 21. Nxf8 Rxf8 22. Nxd5 f5 23. Nb6 Qxd4 24. Nxc8 Rxc8 25. Qg5+ Kh8 26. Rxe6 Rf8 27. Bxf5 Qd5 28. Qh6 Qxf5 29. Rxd6 Qxf2+ 30. Kh1 Qf7 31. Rcd1 Re8 32. Rf6 Qg7 33. Qf4 Rg8 34. Rd2 Qe7 35. Rf2 Qe1+ 36. Kh2 Qe5 37. Qxe5 Nxe5 38. Rf8 Kg7 39. Rxg8+ Kxg8 40. Rf5 Nc6 41. g4 Kg7 42. Rd5 1-0

[Event "Oberliga Ost A"]
[Site "?"]
[Date "2023.02.04"]
[Round "6.8"]
[White "Hutschenreiter, Joerg"]
[Black "Voigt, Anastasia"]
[Result "1/2-1/2"]
[WhiteElo "2002"]
[BlackElo "1825"]
[PlyCount "108"]
[EventDate "2022.09.18"]
[EventType "team-tourn"]
[EventCountry "GER"]
[WhiteTeam "Halle USV"]
[BlackTeam "Dresden SG Gruen Weiss"]
[WhiteTeamCountry "GER"]
[BlackTeamCountry "GER"]

1. d4 d5 2. c4 e6 3. Nc3 Nf6 4. Bg5 Be7 5. e3 O-O 6. Nf3 Nbd7 7. Rc1 a6 8. Bd3 dxc4 9. Bxc4 b5 10. Bd3 c5 11. O-O Bb7 12. Bb1 Rc8 13. Qe2 Re8 14. Rfd1 Qa5 15. Ne5 Nxe5 16. dxe5 Nd5 17. Ne4 Nc3 18. Nxc3 Bxg5 19. Qh5 h6 20. Rd7 Re7 21. Rcd1 Bc6 22. R7d6 Rec7 23. Qe2 Be7 24. Qc2 g6 25. Rxe6 Be8 26. Red6 Bxd6 27. exd6 Rd7 28. Nd5 Qd8 29. Ne7+ Rxe7 30. dxe7 Qxe7 31. Qd2 Rc7 32. Qd8 Rd7 33. Rxd7 Qxd7 34. Qxd7 Bxd7 35. Kf1 Kf8 36. Be4 Ke7 37. Ke2 c4 38. a3 a5 39. Bd5 f5 40. Kd2 Kd6 41. Bf7 g5 42. Kc3 Kc5 43. b4+ cxb3 44. Kxb3 Bc6 45. Bg6 Bd5+ 46. Kc3 b4+ 47. axb4+ axb4+ 48. Kb2 Be6 49. g3 Kd6 50. Be8 Ke5 51. Bb5 Bd5 52. Bd3 g4 53. Bf1 h5 54. Bd3 Be6 1/2-1/2

[Event "Oberliga Ost A"]
[Site "?"]
[Date "2023.02.04"]
[Round "6.1"]
[White "Heyder, Florian"]
[Black "Bures, Jaroslav"]
[Result "0-1"]
[WhiteElo "2189"]
[BlackElo "2409"]
[PlyCount "50"]
[EventDate "2022.09.18"]
[EventType "team-tourn"]
[EventCountry "GER"]
[WhiteTeam "Dresden SG Gruen Weiss"]
[BlackTeam "Halle USV"]
[WhiteTeamCountry "GER"]
[BlackTeamCountry "GER"]

1. e4 c5 2. Nc3 g6 3. f4 Bg7 4. Nf3 Nc6 5. Bb5 Nd4 6. Nxd4 cxd4 7. Ne2 Qb6 8. a4 a6 9. Bc4 d6 10. d3 Nh6 11. O-O Ng4 12. Rb1 Be6 13. Bxe6 fxe6 14. h3 Ne3 15. Bxe3 dxe3 16. c3 O-O 17. b4 e5 18. a5 Qc6 19. c4 exf4 20. Nxf4 Bd4 21. Kh1 Qd7 22. Qe1 e6 23. Qe2 Rf6 24. Rf3 Qf7 25. h4 Rxf4 0-1

[Event "Oberliga Ost A"]
[Site "?"]
[Date "2023.02.04"]
[Round "6.2"]
[White "Hassemeier, Mika"]
[Black "Engelmann, Jakob"]
[Result "0-1"]
[WhiteElo "2082"]
[BlackElo "2240"]
[PlyCount "92"]
[EventDate "2022.09.18"]
[EventType "team-tourn"]
[EventCountry "GER"]
[WhiteTeam "Sangerhausen SV"]
[BlackTeam "Hoyerswerde FVS ASP"]
[WhiteTeamCountry "GER"]
[BlackTeamCountry "GER"]

1. c4 Nf6 2. Nc3 g6 3. d4 Bg7 4. e4 d6 5. h3 O-O 6. Be3 c5 7. Nf3 Na6 8. Be2 cxd4 9. Nxd4 Nc5 10. Bf3 Bd7 11. O-O Rb8 12. Rc1 Qa5 13. a3 Na4 14. b4 Qa6 15. Ncb5 Rbc8 16. Nxa7 Rxc4 17. Rxc4 Qxc4 18. Be2 Qa2 19. Nab5 Nxe4 20. Bf3 Qd5 21. Qxa4 Bxd4 22. Rd1 Qxb5 23. Qxb5 Bxb5 24. Rxd4 Nc3 25. Bd2 Nb1 26. Bxb7 Nxa3 27. Bg5 Rb8 28. Bd5 Kf8 29. Rf4 f6 30. Be6 Bc6 31. Bh6+ Ke8 32. Rd4 Kd8 33. Bf8 Nc2 34. Rh4 h5 35. Bf7 Be8 36. Bc4 Nxb4 37. Re4 d5 38. Bxe7+ Kd7 39. Rd4 Kxe7 40. Bxd5 Nxd5 41. Rxd5 Bc6 42. Rd2 Rb5 43. f3 Ke6 44. Kf2 Bd5 45. Re2+ Kf5 46. g4+ Kf4 0-1

[Event "Oberliga Ost A"]
[Site "?"]
[Date "2023.02.04"]
[Round "6.4"]
[White "Hovsepyan, Vardan"]
[Black "Hillmann, Michael"]
[Result "1-0"]
[WhiteElo "2254"]
[BlackElo "2094"]
[PlyCount "81"]
[EventDate "2022.09.18"]
[EventType "team-tourn"]
[EventCountry "GER"]
[WhiteTeam "Sangerhausen SV"]
[BlackTeam "Hoyerswerde FVS ASP"]
[WhiteTeamCountry "GER"]
[BlackTeamCountry "GER"]

1. e4 d6 2. d4 Nf6 3. Nc3 g6 4. g3 c6 5. f4 Bg7 6. Nf3 b5 7. e5 Ng4 8. h3 Nh6 9. g4 f6 10. Bg2 b4 11. Ne2 Nf7 12. exf6 exf6 13. d5 c5 14. a3 bxa3 15. Rxa3 O-O 16. O-O f5 17. g5 Nd7 18. c4 Nb6 19. Qc2 a5 20. b3 Bd7 21. Nc3 Ra7 22. Bb2 Qc7 23. Rfa1 Rfa8 24. h4 h5 25. gxh6 Bxh6 26. Ne2 a4 27. Qc3 axb3 28. Ng5 Rxa3 29. Rxa3 Qd8 30. Rxa8 Nxa8 31. Qxb3 Nxg5 32. fxg5 Bg7 33. Nf4 Bxb2 34. Qxb2 Kf7 35. Ne6 Bxe6 36. dxe6+ Kxe6 37. Bxa8 Qxa8 38. Qf6+ Kd7 39. Qf7+ Kc8 40. Qe8+ Kb7 41. Qxa8+ 1-0

[Event "Oberliga Ost A"]
[Site "?"]
[Date "2023.02.04"]
[Round "6.5"]
[White "Richter, Dustin"]
[Black "Boehm, Robert"]
[Result "1/2-1/2"]
[WhiteElo "2190"]
[BlackElo "2123"]
[PlyCount "83"]
[EventDate "2022.09.18"]
[EventType "team-tourn"]
[EventCountry "GER"]
[WhiteTeam "Hoyerswerde FVS ASP"]
[BlackTeam "Sangerhausen SV"]
[WhiteTeamCountry "GER"]
[BlackTeamCountry "GER"]

1. d4 d5 2. c4 e6 3. Nc3 Nf6 4. e3 c5 5. Nf3 Nc6 6. Be2 Be7 7. O-O O-O 8. a3 dxc4 9. Bxc4 a6 10. dxc5 Qxd1 11. Rxd1 Bxc5 12. b4 Be7 13. Bb2 b5 14. Bd3 Bb7 15. e4 Rfd8 16. e5 Nd5 17. Nxd5 Rxd5 18. Be4 Rxd1+ 19. Rxd1 Rd8 20. Rxd8+ Nxd8 21. Bxb7 Nxb7 22. Nd4 Nd8 23. Kf1 Kf8 24. Ke2 Ke8 25. Kd3 Kd7 26. Nb3 Nb7 27. f4 g6 28. Ke4 Bd8 29. Bd4 Kc6 30. Ba7 Be7 31. Bf2 Kd7 32. Bd4 Bd8 33. Bc3 Bb6 34. Bd4 Bd8 35. Be3 Be7 36. g3 h5 37. h3 Bd8 38. Bd2 Bb6 39. Be3 Bd8 40. Ba7 Be7 41. Bf2 Bd8 42. Be3 1/2-1/2

[Event "Oberliga Ost A"]
[Site "?"]
[Date "2023.02.04"]
[Round "6.6"]
[White "Jahnel, Guenther"]
[Black "Guenther, Christian"]
[Result "0-1"]
[WhiteElo "2212"]
[BlackElo "2132"]
[PlyCount "78"]
[EventDate "2022.09.18"]
[EventType "team-tourn"]
[EventCountry "GER"]
[WhiteTeam "Sangerhausen SV"]
[BlackTeam "Hoyerswerde FVS ASP"]
[WhiteTeamCountry "GER"]
[BlackTeamCountry "GER"]

1. d4 d5 2. c4 c6 3. Nf3 Nf6 4. Nc3 a6 5. e3 b5 6. b3 Bg4 7. Be2 Nbd7 8. O-O e6 9. Bb2 Bd6 10. c5 Bc7 11. Ne5 Bxe2 12. Nxe2 Nxe5 13. dxe5 Ng4 14. Nd4 Qh4 15. Nf3 Qh5 16. h3 Nh6 17. Re1 O-O 18. e4 Rfd8 19. Qc2 dxe4 20. Rxe4 Rd5 21. a4 Rad8 22. axb5 axb5 23. b4 Nf5 24. Qe2 Rd3 25. Ra7 Bb8 26. Rb7 R3d7 27. Rxd7 Rxd7 28. g4 Qg6 29. Kf1 Ne7 30. Nd4 Qh6 31. Qf3 Qd2 32. Bc3 Qa2 33. Kg2 Qd5 34. Ne2 Ng6 35. Qe3 f5 36. exf6 gxf6 37. f3 e5 38. Be1 Ra7 39. Bf2 Ra1 0-1

[Event "Oberliga Ost A"]
[Site "?"]
[Date "2023.02.04"]
[Round "6.7"]
[White "Ellemann, Stefan"]
[Black "Kregelin, Jan"]
[Result "0-1"]
[WhiteElo "2027"]
[BlackElo "2118"]
[PlyCount "114"]
[EventDate "2022.09.18"]
[EventType "team-tourn"]
[EventCountry "GER"]
[WhiteTeam "Hoyerswerde FVS ASP"]
[BlackTeam "Sangerhausen SV"]
[WhiteTeamCountry "GER"]
[BlackTeamCountry "GER"]

1. c4 c6 2. Nf3 d5 3. d4 Nf6 4. Qc2 e6 5. g3 Bb4+ 6. Bd2 Bd6 7. Bg2 Ne4 8. O-O O-O 9. Nc3 f5 10. c5 Nxd2 11. Nxd2 Be7 12. b4 Nd7 13. f4 g5 14. a4 gxf4 15. gxf4 Nf6 16. Rf3 Kh8 17. Rh3 Ng4 18. Qd3 Qc7 19. e3 Rg8 20. Nd1 Bd7 21. a5 a6 22. Kh1 Rg7 23. Nf3 Rag8 24. Ra2 Bf6 25. Bf1 Be8 26. Rg2 Rg6 27. Qe2 Qg7 28. Nf2 Bf7 29. Nd3 Rh6 30. Rxh6 Qxh6 31. Nde5 Bxe5 32. dxe5 Bh5 33. h3 Bg6 34. Ng5 Bh5 35. Qe1 Nxe5 36. Qc3 Qf6 37. Qxe5 Qxe5 38. fxe5 h6 39. Nxe6 Bf3 40. Nd4 Bxg2+ 41. Bxg2 Rf8 42. Kh2 f4 43. Ne6 fxe3 44. Nd4 Rf4 45. Nc2 e2 46. Kg1 Kg7 47. Ne1 Rxb4 48. Kf2 Ra4 49. Kxe2 Rxa5 50. Nd3 Ra2+ 51. Kf3 Kf7 52. h4 Rd2 53. Bf1 a5 54. Ke3 Rh2 55. h5 a4 56. Be2 a3 57. Nc1 Ke6 0-1

[Event "Oberliga Ost A"]
[Site "?"]
[Date "2023.02.04"]
[Round "6.8"]
[White "Heyme, Sibylle"]
[Black "Buerckner, Georg"]
[Result "1/2-1/2"]
[WhiteElo "1984"]
[BlackElo "2009"]
[PlyCount "40"]
[EventDate "2022.09.18"]
[EventType "team-tourn"]
[EventCountry "GER"]
[WhiteTeam "Sangerhausen SV"]
[BlackTeam "Hoyerswerde FVS ASP"]
[WhiteTeamCountry "GER"]
[BlackTeamCountry "GER"]

1. e4 e5 2. Nf3 Nc6 3. Bb5 a6 4. Ba4 Bc5 5. O-O d6 6. c3 Ba7 7. d4 exd4 8. Nxd4 Bd7 9. Be3 Nxd4 10. Bxd4 Bxd4 11. Qxd4 Bxa4 12. Qxa4+ Qd7 13. Qxd7+ Kxd7 14. Nd2 Ne7 15. Rad1 Rad8 16. Rfe1 f6 17. Nc4 b5 18. Ne3 Rhe8 19. f3 Kc6 20. Kf2 a5 1/2-1/2

[Event "Oberliga Ost A"]
[Site "?"]
[Date "2023.02.04"]
[Round "6.1"]
[White "Burian, Simon"]
[Black "Pietzsch, Manuel"]
[Result "1/2-1/2"]
[WhiteElo "2145"]
[BlackElo "2097"]
[PlyCount "33"]
[EventDate "2022.09.18"]
[EventType "team-tourn"]
[EventCountry "GER"]
[WhiteTeam "Hoyerswerde FVS ASP"]
[BlackTeam "Sangerhausen SV"]
[WhiteTeamCountry "GER"]
[BlackTeamCountry "GER"]

1. e4 c5 2. Nf3 Nc6 3. Bb5 g6 4. c3 Nf6 5. Qe2 Bg7 6. O-O O-O 7. d4 cxd4 8. cxd4 d5 9. e5 Ne8 10. Nc3 Nc7 11. Bxc6 bxc6 12. Rd1 Bg4 13. h3 Bxf3 14. Qxf3 f6 15. exf6 Bxf6 16. Qe2 Qd6 17. Be3 1/2-1/2

[Event "Oberliga Ost A"]
[Site "?"]
[Date "2023.02.04"]
[Round "6.2"]
[White "Schiffer, Stefan"]
[Black "Kunze, Carlo"]
[Result "1/2-1/2"]
[WhiteElo "2252"]
[BlackElo "2286"]
[PlyCount "39"]
[EventDate "2022.09.18"]
[EventType "team-tourn"]
[EventCountry "GER"]
[WhiteTeam "Plauen SK Koenig"]
[BlackTeam "Leipzig SG II"]
[WhiteTeamCountry "GER"]
[BlackTeamCountry "GER"]

1. d4 Nf6 2. Nf3 e6 3. e3 b6 4. Bd3 Bb7 5. O-O Be7 6. Nbd2 d5 7. b3 O-O 8. Bb2 Nbd7 9. Qe2 Ne4 10. Rac1 Ndf6 11. Ne5 Nxd2 12. Qxd2 c5 13. Qe2 Rc8 14. c3 Nd7 15. Nxd7 Qxd7 16. dxc5 Rxc5 17. Rfd1 Rfc8 18. c4 Bf8 19. cxd5 Rxd5 20. Rxc8 1/2-1/2

[Event "Oberliga Ost A"]
[Site "?"]
[Date "2023.02.04"]
[Round "6.3"]
[White "Hoerr, Matthias"]
[Black "Roemling, Sven"]
[Result "1-0"]
[WhiteElo "2071"]
[BlackElo "2241"]
[PlyCount "79"]
[EventDate "2022.09.18"]
[EventType "team-tourn"]
[EventCountry "GER"]
[WhiteTeam "Leipzig SG II"]
[BlackTeam "Plauen SK Koenig"]
[WhiteTeamCountry "GER"]
[BlackTeamCountry "GER"]

1. e4 c6 2. d4 d5 3. e5 Qb6 4. c3 Bf5 5. Nf3 e6 6. a4 Ne7 7. a5 Qc7 8. b4 Nd7 9. Be2 f6 10. exf6 gxf6 11. Nh4 Be4 12. Nd2 Ng6 13. Nxe4 Nxh4 14. Bh5+ Ng6 15. Nc5 Kf7 16. O-O Bd6 17. f4 f5 18. g4 Bxc5 19. dxc5 Nf6 20. gxf5 exf5 21. Be3 Rhe8 22. Bd4 Re4 23. Be5 Qe7 24. Ra2 a6 25. Rg2 Rg8 26. Kh1 Nxh5 27. Qxh5 Ke6 28. Qh6 Kd7 29. Rfg1 Re8 30. Qh5 Qf7 31. Rg5 Ke6 32. Rxg6+ hxg6 33. Rxg6+ Ke7 34. Qg5+ Kf8 35. Rf6 Re6 36. Rxf7+ Kxf7 37. Qxf5+ Ke7 38. Qh7+ Ke8 39. Qg8+ Kd7 40. Qf7+ 1-0

[Event "Oberliga Ost A"]
[Site "?"]
[Date "2023.02.04"]
[Round "6.4"]
[White "Schunk, Thomas"]
[Black "Sandner, Gunter"]
[Result "1-0"]
[WhiteElo "2179"]
[BlackElo "2226"]
[PlyCount "81"]
[EventDate "2022.09.18"]
[EventType "team-tourn"]
[EventCountry "GER"]
[WhiteTeam "Plauen SK Koenig"]
[BlackTeam "Leipzig SG II"]
[WhiteTeamCountry "GER"]
[BlackTeamCountry "GER"]

1. c4 Nf6 2. Nc3 e5 3. g3 Bb4 4. Bg2 O-O 5. e3 Bxc3 6. bxc3 e4 7. Qc2 Re8 8. f3 exf3 9. Nxf3 Nc6 10. O-O d6 11. Rb1 Rb8 12. Nh4 Ne5 13. d3 d5 14. cxd5 Nxd5 15. e4 Ne7 16. d4 Nc4 17. a4 Be6 18. Rf2 a6 19. Bf1 b5 20. axb5 axb5 21. Nf3 c6 22. Ra1 Ra8 23. Rxa8 Qxa8 24. Ng5 Qc8 25. e5 Ng6 26. Bd3 Bd5 27. Bf4 Qa6 28. h4 c5 29. h5 cxd4 30. hxg6 hxg6 31. Be4 Ne3 32. Bxe3 dxe3 33. Bxd5 Rxe5 34. Bxf7+ Kf8 35. Bxg6+ exf2+ 36. Qxf2+ Ke7 37. Qf7+ Kd6 38. Qf8+ Kc6 39. Be4+ Kd7 40. Qxg7+ Re7 41. Bf5+ 1-0

[Event "Oberliga Ost A"]
[Site "?"]
[Date "2023.02.04"]
[Round "6.5"]
[White "Kuraszkiewicz, Michael"]
[Black "Dietze, Frank"]
[Result "1/2-1/2"]
[WhiteElo "2269"]
[BlackElo "2071"]
[PlyCount "95"]
[EventDate "2022.09.18"]
[EventType "team-tourn"]
[EventCountry "GER"]
[WhiteTeam "Leipzig SG II"]
[BlackTeam "Plauen SK Koenig"]
[WhiteTeamCountry "GER"]
[BlackTeamCountry "GER"]

1. d4 Nf6 2. c4 g6 3. Nc3 Bg7 4. e4 d6 5. f4 O-O 6. Nf3 c5 7. d5 e6 8. dxe6 fxe6 9. Bd3 Nc6 10. O-O Kh8 11. Bd2 d5 12. e5 Ne8 13. Ng5 Ne7 14. Rf3 Bh6 15. Kh1 Bxg5 16. fxg5 Rxf3 17. Qxf3 Ng7 18. Rf1 Bd7 19. Nb5 Bxb5 20. cxb5 b6 21. g4 Qc7 22. Qf7 Qd8 23. h4 Qe8 24. h5 gxh5 25. gxh5 Nef5 26. Qxe8+ Rxe8 27. h6 Nh5 28. Kh2 Nhg3 29. Re1 Rf8 30. Kg2 Nd4 31. Bxh7 Kxh7 32. Kxg3 Nxb5 33. Kg2 Nd4 34. Rf1 Nf5 35. Kh3 d4 36. a4 a5 37. b3 Rf7 38. Rf3 Nxh6 39. Rf6 Rxf6 40. gxf6 Nf7 41. Bf4 Kg6 42. Kg4 Nd8 43. Bd2 Nc6 44. Kf4 Kf7 45. Ke4 Kg6 46. Bf4 Nb4 47. Bd2 Nc6 48. Bf4 1/2-1/2

[Event "Oberliga Ost A"]
[Site "?"]
[Date "2023.02.04"]
[Round "6.6"]
[White "Limpert, Michael"]
[Black "Fischer, Erik"]
[Result "1/2-1/2"]
[WhiteElo "2121"]
[BlackElo "2053"]
[PlyCount "32"]
[EventDate "2022.09.18"]
[EventType "team-tourn"]
[EventCountry "GER"]
[WhiteTeam "Plauen SK Koenig"]
[BlackTeam "Leipzig SG II"]
[WhiteTeamCountry "GER"]
[BlackTeamCountry "GER"]

1. e4 c5 2. Nc3 e6 3. g3 d5 4. d3 Nf6 5. Bg2 Nc6 6. Bg5 Be7 7. Qe2 d4 8. Nd1 Nd7 9. Bxe7 Qxe7 10. f4 e5 11. f5 g5 12. h4 g4 13. h5 Rg8 14. Nf2 Qg5 15. Rh4 Nf6 16. h6 Bd7 1/2-1/2

[Event "Oberliga Ost A"]
[Site "?"]
[Date "2023.02.04"]
[Round "6.7"]
[White "Pfretzschner, Roland"]
[Black "Neuhoff, Laertes"]
[Result "1-0"]
[WhiteElo "2147"]
[BlackElo "1991"]
[PlyCount "111"]
[EventDate "2022.09.18"]
[EventType "team-tourn"]
[EventCountry "GER"]
[WhiteTeam "Leipzig SG II"]
[BlackTeam "Plauen SK Koenig"]
[WhiteTeamCountry "GER"]
[BlackTeamCountry "GER"]

1. e4 c5 2. Nf3 Nc6 3. Bb5 g6 4. c3 Nf6 5. e5 Nd5 6. O-O Bg7 7. Re1 O-O 8. d4 cxd4 9. cxd4 Nc7 10. Ba4 d6 11. Nc3 Bg4 12. Bxc6 bxc6 13. h3 Bf5 14. Qa4 Qd7 15. Be3 Rab8 16. b3 Nb5 17. Rac1 Rfc8 18. Red1 Bxh3 19. gxh3 Qxh3 20. Nh2 dxe5 21. Nxb5 Rxb5 22. Rxc6 Rcb8 23. Rc5 Rb4 24. Qa5 exd4 25. Bf4 e5 26. Bxe5 Bxe5 27. Rxe5 d3 28. Rg5 R8b5 29. Qd8+ Kg7 30. Rg3 Qh5 31. Qxd3 Rh4 32. Qc3+ Kh6 33. Qd2+ Kg7 34. Rg2 Rc5 35. Re1 Qf5 36. Qb2+ Kh6 37. f3 Qf4 38. Ng4+ Kh5 39. Nf6+ Kh6 40. Ng4+ Kh5 41. Re5+ Rxe5 42. Qxe5+ Qxe5 43. Nxe5 f6 44. Nc6 a6 45. Rh2 Rxh2 46. Kxh2 Kg5 47. Kg3 h5 48. a4 h4+ 49. Kf2 Kf4 50. b4 h3 51. b5 axb5 52. axb5 h2 53. Kg2 g5 54. b6 h1=Q+ 55. Kxh1 Kxf3 56. b7 1-0

[Event "Oberliga Ost A"]
[Site "?"]
[Date "2023.02.04"]
[Round "6.1"]
[White "Stein, Robert"]
[Black "Malek, Daniel"]
[Result "1-0"]
[WhiteElo "2407"]
[BlackElo "2333"]
[PlyCount "81"]
[EventDate "2022.09.18"]
[EventType "team-tourn"]
[EventCountry "GER"]
[WhiteTeam "Leipzig SG II"]
[BlackTeam "Plauen SK Koenig"]
[WhiteTeamCountry "GER"]
[BlackTeamCountry "GER"]

1. d4 Nf6 2. c4 e6 3. g3 d5 4. Bg2 dxc4 5. Nf3 c5 6. O-O Nc6 7. dxc5 Qxd1 8. Rxd1 Bxc5 9. Nbd2 c3 10. bxc3 O-O 11. Nb3 Be7 12. Nfd4 Nxd4 13. cxd4 Nd5 14. Bd2 b6 15. e4 Nf6 16. Bg5 Bb7 17. d5 h6 18. Bf4 exd5 19. exd5 Ba3 20. Bc7 Rfe8 21. Rab1 Rac8 22. d6 Bxg2 23. Kxg2 Nd7 24. Nd4 g6 25. Nb5 Bc5 26. Rb2 Ra8 27. a4 a6 28. Nc3 Re6 29. Nd5 Kg7 30. Nf4 Re4 31. a5 b5 32. Nd5 Rc8 33. Nb6 Bxb6 34. axb6 Rc4 35. Re2 Rc6 36. b7 Rf8 37. Re7 Nb8 38. Bxb8 Rxb8 39. d7 Rc7 40. d8=Q Rxd8 41. Rxd8 1-0

[Event "Oberliga Ost A"]
[Site "?"]
[Date "2023.02.04"]
[Round "6.2"]
[White "Spitzl, Vinzent"]
[Black "Post, Hugo"]
[Result "1/2-1/2"]
[WhiteElo "2368"]
[BlackElo "2208"]
[PlyCount "64"]
[EventDate "2022.09.18"]
[EventType "team-tourn"]
[EventCountry "GER"]
[WhiteTeam "Loeberitz SG"]
[BlackTeam "Magdeburg SG Aufbau Elbe"]
[WhiteTeamCountry "GER"]
[BlackTeamCountry "GER"]

1. d4 Nf6 2. Nf3 e6 3. c4 b6 4. a3 Bb7 5. Bf4 Be7 6. Nc3 O-O 7. e3 d6 8. Be2 Nbd7 9. O-O Nh5 10. Qd2 Ndf6 11. Bg5 h6 12. Bxf6 Nxf6 13. Qc2 d5 14. cxd5 Nxd5 15. Rfd1 Rc8 16. Rac1 f5 17. Qa4 Bd6 18. Nb5 a6 19. Na7 Ra8 20. Nc6 Qe8 21. Nfe5 f4 22. e4 Ne7 23. Nxe7+ Qxe7 24. Ng6 Qg5 25. Nxf8 Bxe4 26. f3 Rxf8 27. fxe4 f3 28. Bxf3 Qe3+ 29. Kh1 Qf4 30. Kg1 Qe3+ 31. Kh1 Qf4 32. Kg1 Qe3+ 1/2-1/2